Statistiques concernant Madame Forever (Sara Forever) - paroles

Cliquez ici pour prendre le quiz!

Statistiques générales

  • Ce quiz a été pris 22 fois
  • Le résultat moyen est 131 sur 155

Statistiques - réponses

Paroles% Correct
for
100%
elle
100%
est
100%
for
100%
forever
100%
Forever
100%
Madame
100%
Dans
94%
dans
94%
de
94%
folle
94%
idole
94%
Mais
94%
mais
94%
oui
94%
Oui
94%
plus
94%
qui
94%
qu'une
94%
Ce
89%
le
89%
Le
89%
petit
89%
Petit
89%
C'est
83%
c'est
83%
dit
83%
mieux
83%
Sara
83%
T'es
83%
tes
83%
une
83%
cochon
78%
Quatre
78%
victoires
78%
KO
72%
la
72%
miroir
72%
yeux
72%
cadeau
67%
feu
67%
frisson
67%
gars
67%
pas
67%
bâtard
61%
devenir
61%
l'illusion
61%
soi
61%
star
61%
sûr
61%
envies
56%
Mate
56%
nuit
56%
ta
56%
Bien
50%
boite
50%
bout
50%
cœur
50%
d'or
50%
flèche
50%
jusqu'à
50%
l'insomnie
50%
ton
50%
au
44%
frange
44%
jour
44%
lève
44%
se
44%
signé
39%
J't'entraine
33%
Shake
33%

Distribution des résultats

Percentile par nombre de réponses

% des personnes avec chaque résultat

Votre développement - résultats

Vous n’avez pas pris ce quiz